| 000 | 01752nam a22002297a 4500 | ||
|---|---|---|---|
| 001 | 6680 | ||
| 003 | FISKH | ||
| 005 | 20250520135819.0 | ||
| 008 | 250520b cb ||||| |||| 00| 0 eng d | ||
| 040 |
_aFISKH _bkhr _cFISKH _dFISKH |
||
| 082 | _a510 | ||
| 100 | _aSokun, Men | ||
| 245 |
_aគណិតវិទ្យា ថ្នាក់ទី ១១ / _cម៉ែន សុគន្ធ សាស្ត្រាចារ្យមហាវិទ្យាល័យគណិតវិទ្យា ( RUPP ) |
||
| 260 |
_aភ្នំពេញ : _bសាកលវិទ្យាល័យភូមិន្ទភ្នំពេញ , _c២០០0. |
||
| 300 |
_a246 pages : _bcolor illustrations ; _c21 cm . |
||
| 520 | _aសៀវភៅគណិតវិទ្យាថ្នាក់ទី ១១ គឺជាសៀវភៅសិក្សាសំខាន់មួយសម្រាប់សិស្សមធ្យមសិក្សាទុតិយភូមិ ដែលបង្ហាញពីមាតិកាគន្លងគណិតវិទ្យាចម្បងនៃថ្នាក់។ វាអនុវត្តផ្នែកគណិតវិទ្យាវិភាគ និងជំហានមូលដ្ឋានសម្រាប់រៀនថ្នាក់ទី ១២។ | ||
| 520 | _aThe Grade 11 Mathematics textbook is an important learning resource for upper secondary school students. It covers the core mathematical concepts of the grade, focusing on analytical mathematics and foundational skills needed for Grade 12 studies. | ||
| 650 |
_aស្វុីតនៃចំនួនពិត _vគណិតវិទ្យា |
||
| 650 |
_aNumbers _vMathematics |
||
| 942 |
_2ddc _cKHB _n0 |
||
| 999 |
_c6680 _d6680 |
||